Statistics for F1 Winning Engine Manufacturers

Click here to take the quiz!

General Stats

  • This quiz has been taken 1,710 times
  • The average score is 8 of 18

Answer Stats

NationalityEngine% Correct
ITAFerrari
99%
GERMercedes
97%
JPNHonda
96%
FRARenault
93%
USAFord
82%
GERBMW
60%
ITAAlfa Romeo
57%
GERPorsche
50%
ITAMaserati
43%
LUXTAG
25%
GBRBRM
24%
GBRCoventry Climax
20%
FRAMatra
19%
GBRVanwall
17%
JPNMugen Honda
14%
AUSRepco
13%
USAOffenhauser
5%
GBRWaslake
2%

Score Distribution

Percentile by Number Answered

Percent of People with Each Score

Your Score History

You have not taken this quiz